|
|
|
|
| LEADER |
00741nam a2200253 a 4500 |
| 001 |
adlib96000001 |
| 003 |
ViArRB |
| 005 |
20151026131251.0 |
| 008 |
960221s1955 dcuabcdjdbkoqu001 0deng d |
| 020 |
|
|
|
| 022 |
|
|
|
| 040 |
|
|
|a Adlib
|
| 082 |
|
|
|a 954
|
| 245 |
|
|
|a Moderates and Extremists in the Indian Nationalist Movement 1883-1920, with Special Reference sto Surendranath Banerjee and Lajpat Rai.
|
| 250 |
|
|
|
| 260 |
|
|
|a Bombay
|b Asia
|c 1967
|
| 300 |
|
|
|a xiv, 246 p
|
| 500 |
|
|
|a
|
| 100 |
|
|
|a Argov, Daniel
|
| 700 |
|
|
|
| 942 |
|
|
|c BK
|6 _
|
| 653 |
|
|
|a Extremists in the Indian Nationalist Movement
|
| 999 |
|
|
|c 23881
|d 23881
|
| 952 |
|
|
|0 0
|1 0
|4 0
|6 954_ARG
|7 0
|9 35472
|a UL
|b UL
|d 2010-06-16
|o 954 ARG
|p 00008272
|r 2010-06-16
|w 2010-06-16
|y BK
|